Statistics for Cities ending on "Burg"

Click here to take the quiz!

General Stats

  • This quiz has been taken 62 times
  • The average score is 10 of 22

Answer Stats

Ending Country Poulation Answer % Correct
BurgSouth Africa7.86 MJohannesburg
98%
BurgRussia5.35 MSt. Petersburg
95%
BurgUnited States263.3 KSt. Petersburg
95%
BurgGermany1.83 MHamburg
93%
BurgSweden646.3 KGothenburg
80%
BourgLuxembourg116.3 KLuxembourg
76%
BourgFrance279.3 KStrasbourg
76%
BurghUnited Kingdom488.0 KEdinburgh
73%
BurgAustria154.2 KSalzburg
62%
burghUnited States302.4 KPittsburgh
58%
BorgDenmark124.2 KAalborg
44%
BurgGermany498.1 KDuisburg
33%
BurgGermany292.9 KAugsburg
24%
BurgGermany238.5 KMagdeburg
16%
BurgGermany123.9 KWolfsburg
16%
BorgSweden109.8 KHelsingborg
15%
BurgGermany150.9 KRegensburg
15%
BurgGermany126.6 KW├╝rzburg
13%
BurgGermany167.1 KOldenburg
7%
BurgSouth Africa311.1 KRustenburg
7%
BurgSouth Africa163.8 KMiddelburg
4%
BurgRussia1.39 MYekatarinburg
4%

Score Distribution

Percentile by Number Answered

Percent of People with Each Score

Your Score History

You have not taken this quiz